[Event "5th Eksjo it"]
[Site "Eksjo SWE"]
[Date "1977.08.26"]
[Round "1"]
[White "Beggi, Pierluigi"]
[Black "Akvist, Hakan"]
[Result "0-1"]
[WhiteElo "2290"]
[BlackElo "2315"]
[EventDate "1977.08.26"]
[PlyCount "100"]

1. d4 f5 2. Bg5 c5 3. e3 Qb6 4. Nc3 e6 5. Nf3 Be7 6. Ne5 Nf6 7. Nc4 Qd8 8. d5 d6 9. dxe6 O-O 10. Bxf6 Rxf6 11. Nd5 Rxe6 12. Nf4 Rh6 13. Qf3 Nc6 14. O-O-O Qf8 15. Be2 Kh8 16. h3 Rb8 17. g4 b5 18. Qxc6 bxc4 19. Nd5 Bb7 20. Qc7 Bxd5 21. Rxd5 fxg4 22. Bxg4 c3 23. bxc3 Bh4 24. Rf1 Rf6 25. f4 Qe8 26. e4 Qb5 27. Be2 Qb2+ 28. Kd2 Rbf8 29. Bc4 Rg6 30. Be2 Bf6 31. e5 dxe5 32. Qxc5 Qb8 33. Qb4 Qxb4 34. cxb4 e4 35. Rd7 Rg3 36. b5 Bc3+ 37. Kc1 Rb8 38. Rfd1 h6 39. Rc7 Rxh3 40. a4 a6 41. Bd3 Ba5 42. Bf1 Bxc7 43. Bxh3 axb5 44. axb5 Bxf4+ 45. Kb2 Rxb5+ 46. Kc3 Rb8 47. Rd7 Re8 48. Bg4 g6 49. Kd4 h5 50. Be2 h4 0-1

[Event "5th Eksjo it"]
[Site "Eksjo SWE"]
[Date "1977.08.26"]
[Round "1"]
[White "Kluger, Gyula"]
[Black "Schneider, Lars-Ake"]
[Result "1/2-1/2"]
[WhiteElo "2370"]
[BlackElo "2375"]
[EventDate "1977.08.26"]
[PlyCount "82"]

1. d4 Nf6 2. c4 e6 3. Nc3 Bb4 4. g3 c5 5. d5 Ne4 6. Bd2 Bxc3 7. Bxc3 Nxc3 8. bxc3 d6 9. Bg2 e5 10. e4 O-O 11. Nf3 Qa5 12. Qb3 Nd7 13. O-O Nb6 14. Nd2 Bd7 15. f4 Rfe8 16. f5 f6 17. g4 Rab8 18. h4 Na4 19. Rf3 b5 20. cxb5 Bxb5 21. Qa3 Be2 22. Rg3 Rb2 23. Nf1 Reb8 24. g5 Kf8 25. gxf6 gxf6 26. c4 Kf7 27. Qe3 Bxf1 28. Rxf1 Qd2 29. Qf3 Qe2 30. Qxe2 Rxe2 31. Rb3 Rb6 32. Rf2 Rxf2 33. Kxf2 Rb4 34. Bf1 a5 35. Be2 Nb6 36. Ke1 a4 37. Rc3 Rb1+ 38. Kf2 Rb2 39. a3 Rb3 40. Rg3 Kf8 41. Re3 Rb1 1/2-1/2

[Event "5th Eksjo it"]
[Site "Eksjo SWE"]
[Date "1977.08.26"]
[Round "1"]
[White "Szilagyi, Gyorgy"]
[Black "Andersson, Goran"]
[Result "1/2-1/2"]
[WhiteElo "2370"]
[BlackElo "2250"]
[EventDate "1977.08.26"]
[PlyCount "50"]

1. Nf3 c5 2. c4 g6 3. g3 Bg7 4. Bg2 Nc6 5. Nc3 e5 6. O-O Nge7 7. a3 O-O 8. Ne1 d6 9. Nc2 Be6 10. Ne3 Qd7 11. Ned5 Bh3 12. b4 Bxg2 13. Kxg2 Nxd5 14. Nxd5 f5 15. Rb1 f4 16. f3 g5 17. b5 Nd4 18. e3 Ne6 19. g4 e4 20. fxe4 Rf7 21. Bb2 Raf8 22. Bxg7 Kxg7 23. exf4 Nxf4+ 24. Nxf4 Rxf4 25. Rxf4 Rxf4 1/2-1/2

[Event "5th Eksjo it"]
[Site "Eksjo SWE"]
[Date "1977.08.27"]
[Round "2"]
[White "Akvist, Hakan"]
[Black "Paoli, Enrico"]
[Result "1-0"]
[WhiteElo "2315"]
[BlackElo "2260"]
[EventDate "1977.08.26"]
[PlyCount "103"]

1. e4 c5 2. Nf3 Nc6 3. d4 cxd4 4. Nxd4 Nf6 5. Nc3 d6 6. Be2 e5 7. Nb3 Be7 8. O-O O-O 9. Be3 Be6 10. Qd2 d5 11. exd5 Nxd5 12. Nxd5 Qxd5 13. Qxd5 Bxd5 14. Rfd1 Rfd8 15. c4 Be6 16. Nc5 Bxc5 17. Bxc5 b6 18. Be3 Nd4 19. Bxd4 exd4 20. Rd2 Rd6 21. a4 Rad8 22. Bd3 a5 23. Re1 h6 24. Rde2 Kf8 25. Re5 Rc6 26. b3 Rc5 27. f4 Bd7 28. Kf2 Be6 29. h3 Rd6 30. g4 Rxe5 31. Rxe5 f6 32. Re1 g5 33. Kf3 Bd7 34. Be4 Be6 35. Rd1 Ke7 36. f5 Bf7 37. Bb7 d3 38. Ke4 Rd8 39. Bd5 Bxd5+ 40. cxd5 Kd6 41. Rxd3 Re8+ 42. Kd4 Re5 43. Kc4 Kc7 44. Kb5 Kb7 45. b4 axb4 46. Kxb4 Re4+ 47. Kb5 Re5 48. Rd4 h5 49. gxh5 Rxf5 50. h6 Re5 51. h7 Re8 52. Re4 1-0

[Event "5th Eksjo it"]
[Site "Eksjo SWE"]
[Date "1977.08.27"]
[Round "2"]
[White "Borkowski, Franciszek"]
[Black "Szilagyi, Gyorgy"]
[Result "1/2-1/2"]
[WhiteElo "2365"]
[BlackElo "2370"]
[EventDate "1977.08.26"]
[PlyCount "28"]

1. e4 c5 2. Nf3 d6 3. d4 cxd4 4. Nxd4 Nf6 5. Nc3 g6 6. Be2 Bg7 7. O-O O-O 8. Bg5 Nbd7 9. Nb3 a6 10. f4 b5 11. Bf3 Bb7 12. Qe2 b4 13. Nd1 Qb6+ 14. Kh1 Qb5 1/2-1/2

[Event "5th Eksjo it"]
[Site "Eksjo SWE"]
[Date "1977.08.27"]
[Round "2"]
[White "Kluger, Gyula"]
[Black "Beggi, Pierluigi"]
[Result "1/2-1/2"]
[WhiteElo "2370"]
[BlackElo "2290"]
[EventDate "1977.08.26"]
[PlyCount "49"]

1. d4 Nf6 2. c4 g6 3. Nc3 d5 4. Nf3 Bg7 5. Bg5 Ne4 6. Bh4 Nxc3 7. bxc3 c5 8. cxd5 cxd4 9. cxd4 Qxd5 10. e3 Nc6 11. Be2 e5 12. dxe5 Qa5+ 13. Qd2 Qxd2+ 14. Kxd2 Nxe5 15. Rab1 O-O 16. Nd4 h6 17. Rhc1 g5 18. Bg3 f5 19. f4 Ng6 20. Bc4+ Kh8 21. Nf3 gxf4 22. exf4 b6 23. Nh4 Nxh4 24. Bxh4 Bb7 25. Bd3 1/2-1/2

[Event "5th Eksjo it"]
[Site "Eksjo SWE"]
[Date "1977.08.27"]
[Round "2"]
[White "Schneider, Lars-Ake"]
[Black "Andersson, Goran"]
[Result "1-0"]
[WhiteElo "2375"]
[BlackElo "2250"]
[EventDate "1977.08.26"]
[PlyCount "45"]

1. b3 e5 2. Bb2 Nc6 3. e3 Nf6 4. Bb5 d6 5. Ne2 g6 6. d4 Nd7 7. dxe5 Bg7 8. Bxc6 bxc6 9. Nd2 O-O 10. Nc4 dxe5 11. O-O Qg5 12. Qd2 Nb6 13. Nxe5 Rd8 14. Qe1 Bf5 15. Nf3 Qg4 16. Bxg7 Kxg7 17. h3 Qe4 18. Ng3 Qxc2 19. Nd4 Qc5 20. Rc1 Qd5 21. Qc3 Kg8 22. Ndxf5 gxf5 23. Nh5 1-0

[Event "5th Eksjo it"]
[Site "Eksjo SWE"]
[Date "1977.08.28"]
[Round "3"]
[White "Andersson, Goran"]
[Black "Borkowski, Franciszek"]
[Result "0-1"]
[WhiteElo "2250"]
[BlackElo "2365"]
[EventDate "1977.08.26"]
[PlyCount "108"]

1. e4 e5 2. Nf3 Nc6 3. Bb5 Nf6 4. O-O Bc5 5. c3 O-O 6. d4 Bb6 7. Bg5 h6 8. Bh4 d6 9. a4 a5 10. Re1 Bg4 11. Bxc6 bxc6 12. dxe5 dxe5 13. Qxd8 Raxd8 14. Nxe5 g5 15. Bg3 Nxe4 16. Nxg4 f5 17. Na3 Nxg3 18. Nxh6+ Kg7 19. Nc4 Nh5 20. Nxb6 cxb6 21. Nxf5+ Rxf5 22. g4 Rf6 23. gxh5 Rd2 24. Rad1 Rxb2 25. Rd8 Rfxf2 26. Ree8 Rg2+ 27. Kf1 Rxh2 28. Rg8+ Kf6 29. Rgf8+ Ke5 30. Rfe8+ Kf5 31. Rf8+ Kg4 32. Rd4+ Kxh5 33. Rh8+ Kg6 34. Rxh2 Rxh2 35. Rd6+ Kh5 36. Rxc6 Rb2 37. c4 Rc2 38. Rxb6 Rxc4 39. Kg2 Rxa4 40. Kg3 Ra3+ 41. Kg2 Kg4 42. Rc6 Ra2+ 43. Kg1 Kh4 44. Rc3 g4 45. Rd3 a4 46. Rc3 Rb2 47. Ra3 Rb4 48. Kg2 g3 49. Ra2 Rc4 50. Rb2 a3 51. Ra2 Ra4 52. Kg1 Kh3 53. Rh2+ Kg4 54. Ra2 Kf3 0-1

[Event "5th Eksjo it"]
[Site "Eksjo SWE"]
[Date "1977.08.28"]
[Round "3"]
[White "Beggi, Pierluigi"]
[Black "Schneider, Lars-Ake"]
[Result "0-1"]
[WhiteElo "2290"]
[BlackElo "2375"]
[EventDate "1977.08.26"]
[PlyCount "54"]

1. d4 Nf6 2. c4 e6 3. Nc3 d5 4. Bg5 c6 5. cxd5 exd5 6. e3 Be7 7. Qc2 Nbd7 8. Bd3 h6 9. Bf4 Nh5 10. Be5 Nxe5 11. dxe5 d4 12. exd4 Qxd4 13. Nf3 Qc5 14. Bf5 Nf4 15. Bxc8 Rxc8 16. Qf5 Ne6 17. O-O O-O 18. Rae1 Qb4 19. Re2 Rcd8 20. Ne4 Rd5 21. a3 Qc4 22. Re3 Rfd8 23. Nc3 Rd3 24. Re4 Qb3 25. Rg4 Qxb2 26. Ne4 Rd1 27. g3 Qe2 0-1

[Event "5th Eksjo it"]
[Site "Eksjo SWE"]
[Date "1977.08.28"]
[Round "3"]
[White "Paoli, Enrico"]
[Black "Kluger, Gyula"]
[Result "1-0"]
[WhiteElo "2260"]
[BlackElo "2370"]
[EventDate "1977.08.26"]
[PlyCount "79"]

1. e4 b6 2. d4 Bb7 3. Bd3 e6 4. Nf3 c5 5. O-O cxd4 6. Nxd4 Nc6 7. c3 Nf6 8. Qe2 e5 9. Nf5 g6 10. Nh6 Bg7 11. Bg5 d5 12. Nd2 Bxh6 13. Bxh6 Nh5 14. exd5 Qxd5 15. Bc4 Qd7 16. g4 Nf6 17. Bg7 Nxg4 18. Bxh8 O-O-O 19. Ne4 f5 20. Nf6 Qe7 21. Nxg4 Rxh8 22. Ba6 fxg4 23. Qxg4+ Kb8 24. Bxb7 Kxb7 25. Rad1 Kc7 26. Rd5 Rd8 27. Rxd8 Qxd8 28. Rd1 Qe7 29. h4 Qf7 30. b4 a6 31. a4 b5 32. a5 Qe7 33. Rd5 Qf7 34. Qe4 Qe6 35. Rd3 h5 36. Qe3 Ne7 37. Qa7+ Kc8 38. Qa8+ Kc7 39. Qd8+ Kb7 40. Rd7+ 1-0

[Event "5th Eksjo it"]
[Site "Eksjo SWE"]
[Date "1977.08.29"]
[Round "4"]
[White "Akvist, Hakan"]
[Black "Szilagyi, Gyorgy"]
[Result "1-0"]
[WhiteElo "2315"]
[BlackElo "2370"]
[EventDate "1977.08.26"]
[PlyCount "35"]

1. e4 c5 2. Nf3 g6 3. d4 cxd4 4. Qxd4 f6 5. Be3 Nh6 6. h3 Nc6 7. Qd2 Nf7 8. Nc3 Bg7 9. Bc4 e6 10. Nd4 f5 11. exf5 gxf5 12. Nxf5 Bxc3 13. Qxc3 exf5 14. O-O-O Rg8 15. Rhe1 Kf8 16. Rd6 Rg7 17. Bxf7 Kxf7 18. Bh6 1-0

[Event "5th Eksjo it"]
[Site "Eksjo SWE"]
[Date "1977.08.29"]
[Round "4"]
[White "Schneider, Lars-Ake"]
[Black "Borkowski, Franciszek"]
[Result "0-1"]
[WhiteElo "2375"]
[BlackElo "2365"]
[EventDate "1977.08.26"]
[PlyCount "60"]

1. Nf3 d5 2. b3 Bg4 3. Bb2 Nd7 4. e3 e5 5. h3 Bxf3 6. Qxf3 Ngf6 7. d3 Bb4+ 8. c3 Bd6 9. Qd1 O-O 10. Be2 e4 11. O-O Qe7 12. c4 dxc4 13. dxc4 Rad8 14. Qc2 c6 15. Nd2 Nc5 16. b4 Na6 17. c5 Be5 18. Bxe5 Qxe5 19. Bxa6 bxa6 20. Nc4 Qe6 21. Nd6 Nd5 22. a3 f5 23. Rfe1 Rf6 24. Qa4 f4 25. exf4 Nxf4 26. Nxe4 Rg6 27. Ng3 Qd5 28. f3 Rxg3 29. Rad1 Rxg2+ 30. Kh1 Rd2 0-1

[Event "5th Eksjo it"]
[Site "Eksjo SWE"]
[Date "1977.08.30"]
[Round "5"]
[White "Andersson, Goran"]
[Black "Akvist, Hakan"]
[Result "0-1"]
[WhiteElo "2250"]
[BlackElo "2315"]
[EventDate "1977.08.26"]
[PlyCount "94"]

1. d4 Nf6 2. c4 e6 3. Nc3 Bb4 4. Bg5 h6 5. Bh4 c5 6. d5 b5 7. e4 exd5 8. exd5 O-O 9. cxb5 Re8+ 10. Be2 Bb7 11. Kf1 d6 12. Qc2 Nbd7 13. Rd1 Re5 14. Bf3 Qb6 15. Bg3 Re7 16. Nge2 Rae8 17. h4 Ne5 18. Bxe5 Rxe5 19. g3 Bc8 20. Kg2 Bf5 21. Qb3 Ng4 22. Qc4 h5 23. a3 Bxc3 24. Nxc3 Qd8 25. Rd2 Qf6 26. Qf4 Qg6 27. Re2 Rxe2 28. Bxe2 Be4+ 29. Nxe4 Rxe4 30. Qf3 Rd4 31. Rd1 Qc2 32. Rxd4 cxd4 33. b4 Ne5 34. Qxh5 d3 35. Bd1 Qc4 36. f4 Qxd5+ 37. Kh2 Qa2+ 38. Kh3 Qe6+ 39. Kh2 Nc4 40. Qf3 Ne3 41. Kg1 d5 42. a4 Qb6 43. a5 Qd4 44. Qf2 Qa1 45. Qxe3 Qxd1+ 46. Kf2 d2 47. b6 Qc2 0-1

[Event "5th Eksjo it"]
[Site "Eksjo SWE"]
[Date "1977.08.30"]
[Round "5"]
[White "Paoli, Enrico"]
[Black "Schneider, Lars-Ake"]
[Result "0-1"]
[WhiteElo "2260"]
[BlackElo "2375"]
[EventDate "1977.08.26"]
[PlyCount "64"]

1. e4 c5 2. Nf3 Nc6 3. d4 cxd4 4. Nxd4 Nf6 5. Nc3 d6 6. Bg5 e6 7. Qd2 a6 8. O-O-O Bd7 9. f4 Be7 10. Nf3 b5 11. Bd3 Qc7 12. Rhe1 h6 13. Bh4 b4 14. Ne2 O-O 15. g4 Nxg4 16. Rg1 Bxh4 17. Rxg4 Bf6 18. Rdg1 Rfc8 19. f5 Kf8 20. Nf4 Qa5 21. Bc4 Nd4 22. Nxd4 Rxc4 23. Ndxe6+ Bxe6 24. fxe6 Rd4 25. Nd3 Qxa2 26. Kd1 Qxe6 27. Qg2 Rc8 28. Qf3 Qc4 29. R1g2 b3 30. e5 bxc2+ 31. Kc1 Bg5+ 32. Rxg5 Rxd3 0-1

[Event "5th Eksjo it"]
[Site "Eksjo SWE"]
[Date "1977.08.30"]
[Round "5"]
[White "Szilagyi, Gyorgy"]
[Black "Kluger, Gyula"]
[Result "1/2-1/2"]
[WhiteElo "2370"]
[BlackElo "2370"]
[EventDate "1977.08.26"]
[PlyCount "25"]

1. d4 Nf6 2. c4 c5 3. d5 g6 4. Nc3 d6 5. e4 Bg7 6. Be2 O-O 7. Nf3 e6 8. O-O exd5 9. cxd5 Re8 10. Nd2 Nbd7 11. Qc2 Nb6 12. Nc4 Nxc4 13. Bxc4 1/2-1/2

[Event "5th Eksjo it"]
[Site "Eksjo SWE"]
[Date "1977.08.31"]
[Round "6"]
[White "Akvist, Hakan"]
[Black "Borkowski, Franciszek"]
[Result "0-1"]
[WhiteElo "2315"]
[BlackElo "2365"]
[EventDate "1977.08.26"]
[PlyCount "66"]

1. Nf3 d5 2. d4 Nf6 3. c4 c6 4. cxd5 cxd5 5. Nc3 Nc6 6. Bf4 Bf5 7. e3 e6 8. Bd3 Bxd3 9. Qxd3 Bb4 10. O-O O-O 11. Bg5 h6 12. Bh4 Rc8 13. Rfc1 g5 14. Bg3 Bxc3 15. Qxc3 Ne4 16. Qe1 Qa5 17. Qe2 Ne7 18. a3 Nf5 19. Rc2 Rxc2 20. Qxc2 Ne7 21. Rc1 Rc8 22. Qd1 Rxc1 23. Qxc1 Nc6 24. b4 Qa4 25. h4 Qb3 26. Kh2 Qc4 27. Qb2 a6 28. hxg5 hxg5 29. Ng1 Qc3 30. Qa2 Nxg3 31. Kxg3 Nxd4 32. Kh2 Nc2 33. Ne2 Qc4 0-1

[Event "5th Eksjo it"]
[Site "Eksjo SWE"]
[Date "1977.08.31"]
[Round "6"]
[White "Beggi, Pierluigi"]
[Black "Szilagyi, Gyorgy"]
[Result "0-1"]
[WhiteElo "2290"]
[BlackElo "2370"]
[EventDate "1977.08.26"]
[PlyCount "54"]

1. d4 Nf6 2. c4 g6 3. Nc3 Bg7 4. e4 d6 5. f4 O-O 6. Nf3 c5 7. d5 e6 8. Be2 exd5 9. e5 Ne8 10. cxd5 Nd7 11. O-O dxe5 12. fxe5 Nxe5 13. Bf4 Nxf3+ 14. Bxf3 Nd6 15. Qd2 b6 16. a4 Bb7 17. Rfe1 Nf5 18. Be5 Nd4 19. Qd3 Qg5 20. Bxg7 Kxg7 21. a5 Rad8 22. axb6 axb6 23. Be4 f5 24. Ra7 Rf7 25. Bf3 Bxd5 26. Rxf7+ Bxf7 27. Ra1 Nb3 0-1

[Event "5th Eksjo it"]
[Site "Eksjo SWE"]
[Date "1977.08.31"]
[Round "6"]
[White "Kluger, Gyula"]
[Black "Andersson, Goran"]
[Result "1/2-1/2"]
[WhiteElo "2370"]
[BlackElo "2250"]
[EventDate "1977.08.26"]
[PlyCount "27"]

1. d4 Nf6 2. c4 c5 3. d5 g6 4. Nc3 Bg7 5. e4 d6 6. Be2 O-O 7. Bg5 h6 8. Bf4 e5 9. dxe6 Bxe6 10. Qd2 Qa5 11. Nf3 Nc6 12. O-O Kh7 13. a3 Nd4 14. Nxd4 1/2-1/2

[Event "5th Eksjo it"]
[Site "Eksjo SWE"]
[Date "1977.09.01"]
[Round "7"]
[White "Andersson, Goran"]
[Black "Beggi, Pierluigi"]
[Result "1-0"]
[WhiteElo "2250"]
[BlackElo "2290"]
[EventDate "1977.08.26"]
[PlyCount "81"]

1. e4 c5 2. Nf3 Nf6 3. e5 Nd5 4. Nc3 e6 5. Nxd5 exd5 6. d4 Nc6 7. dxc5 Bxc5 8. Qxd5 d6 9. exd6 Qb6 10. Bc4 Bxf2+ 11. Ke2 O-O 12. Rd1 Bd7 13. Qh5 Rae8+ 14. Kf1 Qc5 15. Qxc5 Bxc5 16. Bg5 Ne5 17. Nxe5 Rxe5 18. Be7 Rf5+ 19. Ke1 Rc8 20. Bd3 Rh5 21. h3 Be3 22. Ke2 Re5 23. Kf3 f5 24. Kg3 Kf7 25. a4 g5 26. Kh2 h5 27. b3 g4 28. h4 f4 29. Bc4+ Rxc4 30. bxc4 g3+ 31. Kh1 Bc6 32. d7 Bb6 33. d8=Q Bxd8 34. Bxd8 Re2 35. Rd5 Rxc2 36. Re1 Bxd5 37. cxd5 Rd2 38. Bg5 Rxd5 39. Bxf4 Rd4 40. Bxg3 Rxa4 41. Re5 1-0

[Event "5th Eksjo it"]
[Site "Eksjo SWE"]
[Date "1977.09.01"]
[Round "7"]
[White "Borkowski, Franciszek"]
[Black "Kluger, Gyula"]
[Result "1-0"]
[WhiteElo "2365"]
[BlackElo "2370"]
[EventDate "1977.08.26"]
[PlyCount "123"]

1. e4 e5 2. Nf3 Nc6 3. Bb5 a6 4. Bxc6 dxc6 5. O-O f6 6. d4 Bg4 7. dxe5 Qxd1 8. Rxd1 fxe5 9. Rd3 Bd6 10. Nbd2 b5 11. h3 Bd7 12. b3 Ne7 13. Nf1 Ng6 14. Ng3 O-O 15. Ba3 Bxa3 16. Rxd7 Bd6 17. Rd1 Rad8 18. Rxd8 Rxd8 19. Nf5 Rf8 20. g3 Rf6 21. Kg2 h6 22. a4 Kf7 23. Ra1 Ne7 24. axb5 axb5 25. Ne3 Ke6 26. Ra8 Rf7 27. h4 Bc5 28. Ng4 Bd6 29. Re8 c5 30. Rb8 Nc6 31. Re8+ Re7 32. Rg8 Nd4 33. Ne3 Rf7 34. Nxd4+ cxd4 35. Nf5 Bf8 36. Kf3 c5 37. Ke2 Kf6 38. g4 Kg6 39. Rh8 c4 40. f4 exf4 41. bxc4 bxc4 42. Nxd4 Kf6 43. Kf3 g5 44. hxg5+ hxg5 45. Nf5 Ke5 46. Rg8 Kf6 47. c3 Ba3 48. Ra8 Bb2 49. Ra6+ Ke5 50. Nd4 Re7 51. Nc6+ Ke6 52. Nxe7+ Kxe7 53. Rc6 Bxc3 54. Rxc4 Be5 55. Rc8 Kf7 56. Rc6 Ke7 57. Rg6 Bf6 58. e5 Bxe5 59. Rxg5 Ke6 60. Ke4 Bb2 61. Rg6+ Kf7 62. Rc6 1-0

[Event "5th Eksjo it"]
[Site "Eksjo SWE"]
[Date "1977.09.01"]
[Round "7"]
[White "Szilagyi, Gyorgy"]
[Black "Paoli, Enrico"]
[Result "1/2-1/2"]
[WhiteElo "2370"]
[BlackElo "2260"]
[EventDate "1977.08.26"]
[PlyCount "113"]

1. Nf3 d5 2. g3 g6 3. Bg2 Bg7 4. O-O e5 5. d3 Ne7 6. Nbd2 O-O 7. e4 Nbc6 8. exd5 Qxd5 9. Re1 Qd8 10. Nc4 f6 11. Bd2 Be6 12. Na5 Nxa5 13. Bxa5 Nc6 14. Bc3 Bd5 15. Re2 Qd6 16. Qf1 Rae8 17. Nd2 f5 18. a3 b5 19. Bxd5+ Qxd5 20. Qg2 Rd8 21. Rae1 a5 22. Nb3 a4 23. Na5 Nxa5 24. Bxa5 Rf7 25. Bc3 Qxg2+ 26. Kxg2 e4 27. dxe4 Bxc3 28. bxc3 fxe4 29. Rxe4 Rd2 30. R1e2 Rxe2 31. Rxe2 Rf5 32. c4 bxc4 33. Re8+ Kf7 34. Ra8 Ke6 35. Rxa4 Kd5 36. c3 Rf8 37. f3 Rb8 38. Rb4 Ra8 39. a4 c5 40. Rb2 Rxa4 41. Kf2 Ra3 42. Rc2 Kc6 43. Ke3 Ra8 44. Rd2 Ra3 45. Rc2 Kb5 46. Ke4 Ka4 47. Kd5 Kb3 48. Re2 Ra7 49. Re3 Rd7+ 50. Kxc5 Rd3 51. Re7 Rxc3 52. Rb7+ Kc2 53. Rxh7 Kd3 54. Rd7+ Ke3 55. Re7+ Kxf3 56. Rg7 Rc1 57. Kb4 1/2-1/2

[Event "5th Eksjo it"]
[Site "Eksjo SWE"]
[Date "1977.09.02"]
[Round "8"]
[White "Beggi, Pierluigi"]
[Black "Borkowski, Franciszek"]
[Result "0-1"]
[WhiteElo "2290"]
[BlackElo "2365"]
[EventDate "1977.08.26"]
[PlyCount "32"]

1. d4 g6 2. Nc3 Bg7 3. e4 d6 4. Bc4 Nf6 5. Bb3 O-O 6. Bg5 h6 7. Bh4 Nc6 8. Nge2 b6 9. O-O Na5 10. e5 Ne8 11. Bd5 c6 12. Bf3 d5 13. Nc1 Nc7 14. b4 Nc4 15. Nb3 Nb5 16. Ne2 g5 0-1

[Event "5th Eksjo it"]
[Site "Eksjo SWE"]
[Date "1977.09.02"]
[Round "8"]
[White "Schneider, Lars-Ake"]
[Black "Akvist, Hakan"]
[Result "1-0"]
[WhiteElo "2375"]
[BlackElo "2315"]
[EventDate "1977.08.26"]
[PlyCount "41"]

1. b3 f5 2. Bb2 e6 3. e4 fxe4 4. Qh5+ Ke7 5. Nc3 Nf6 6. Qh4 d5 7. f3 Ke8 8. fxe4 Nxe4 9. Qh5+ g6 10. Qe5 Nxc3 11. Qxh8 Qh4+ 12. g3 Qe4+ 13. Kf2 Qxh1 14. Bxc3 Qxh2+ 15. Bg2 Qh5 16. Nf3 c5 17. Rh1 Qf5 18. Rxh7 d4 19. Bh3 Qd5 20. Qg8 Qd6 21. Ne5 1-0

[Event "5th Eksjo it"]
[Site "Eksjo SWE"]
[Date "1977.09.03"]
[Round "9"]
[White "Akvist, Hakan"]
[Black "Kluger, Gyula"]
[Result "1-0"]
[WhiteElo "2315"]
[BlackElo "2370"]
[EventDate "1977.08.26"]
[PlyCount "155"]

1. e4 e5 2. Nf3 Nc6 3. Bb5 a6 4. Ba4 Nf6 5. O-O Be7 6. Re1 b5 7. Bb3 O-O 8. c3 d6 9. h3 Na5 10. Bc2 c5 11. d4 Nd7 12. a4 Bb7 13. Nbd2 Qc7 14. Nf1 Nb6 15. axb5 axb5 16. d5 Nac4 17. Rb1 Ra2 18. Ng3 g6 19. Nh2 Bf6 20. Bd3 Ba6 21. Re2 Rb8 22. b3 Rxe2 23. Qxe2 Na5 24. Qa2 Ra8 25. Ng4 Bg7 26. Bh6 c4 27. Bxg7 Kxg7 28. Qd2 Nd7 29. Qh6+ Kh8 30. bxc4 bxc4 31. Bc2 Rb8 32. Rxb8+ Qxb8 33. Ba4 Bb5 34. Bxb5 Qxb5 35. Qg5 h5 36. Nh6 Qb8 37. Nxf7+ Kg7 38. Nh6 Qf8 39. Nhf5+ Kh7 40. Ne7 Qf6 41. Qxf6 Nxf6 42. f3 Kg7 43. Nf1 Ne8 44. Ne3 Nc7 45. Nc8 Nb5 46. Nb6 Nxc3 47. Nexc4 Nxc4 48. Nxc4 Nb5 49. Kf2 Kf6 50. g3 g5 51. Ke3 Ke7 52. Kd3 Kd7 53. Ke3 Ke7 54. Na5 Kf6 55. Nc6 Nc3 56. Kd2 Na4 57. Na7 Ke7 58. Nb5 Nb6 59. Kd3 Nd7 60. Nc3 Nc5+ 61. Ke3 Kf6 62. Ne2 Nd7 63. Nc1 Nf8 64. Nd3 Nd7 65. Ne1 Nb6 66. Ng2 Nd7 67. h4 g4 68. Ke2 Ke7 69. Ne3 Nf6 70. Nf5+ Kd7 71. Ke3 gxf3 72. Kxf3 Kc7 73. Ne3 Kb6 74. g4 hxg4+ 75. Nxg4 Nh5 76. Ne3 Nf6 77. Nf5 Kc5 78. Ng3 1-0

[Event "5th Eksjo it"]
[Site "Eksjo SWE"]
[Date "1977.09.03"]
[Round "9"]
[White "Borkowski, Franciszek"]
[Black "Paoli, Enrico"]
[Result "1/2-1/2"]
[WhiteElo "2365"]
[BlackElo "2260"]
[EventDate "1977.08.26"]
[PlyCount "41"]

1. e4 e5 2. Nf3 Nf6 3. Nxe5 d6 4. Nf3 Nxe4 5. d4 d5 6. Bd3 Be7 7. O-O O-O 8. Re1 Bf5 9. Nbd2 Nd6 10. Bxf5 Nxf5 11. c3 c6 12. Ne5 Nd7 13. Qa4 Nxe5 14. dxe5 Rc8 15. Nf1 b6 16. Ng3 Nxg3 17. hxg3 Qd7 18. f4 Rfe8 19. Be3 f6 20. Bd4 Kf7 21. b4 1/2-1/2